000 02242nam0a2200469 4500
001 RU\NLR\bibl\1178210
005 20260407131606.0
010 _a5-87550-167-7
_9300
035 _a(nilc)EL/0000082674
035 _a(NLR Aleph) 001164847
090 _a1560475
_c1560475
100 _a20060914d2006 |||y0rusy50 ca
101 0 _arus
102 _aRU
105 _ay |||||||||
200 1 _aИстория общественного самоуправления в Сибири второй половины XIX - начала XX века
_f[Анкушева К.А., Бочанова Г.А., Дегальцева Е.А. и др.
_gотв. ред. М.В. Шиловский]
_gСиб. отд-ние РАН, Ин-т истории
210 _aНовосибирск
_cСова
_d2006
215 _a351,[1] с.
_d21
300 _aАвт. указаны на обороте тит.л. в макете
320 _aБиблиогр. в подстроч. примеч.
606 1 _aОбщественное самоуправление
_xИстория
_yСибирь
_92500630
_3RU\NLR\auth\661483158
610 1 _aСибирь
610 1 _aИстория Сибири
610 1 _aСамоуправление местное
610 1 _aСамоуправление общественное
610 1 _aИстория самоуправления
610 1 _aЗемство
686 _a63.3(2Р5)5-536
_vLBC/RL
_2rubbk
686 _a63.3(2)5-536
_vLBC/RL
_2rubbk
686 _aТ3(2Р5)52
686 _aХ621.011.2
701 1 _aАнкушева
_bК. А.
_gКсения Александровна
_4070
701 1 _aБочанова
_bГ. А.
_gГалина Алексеевна
_4070
701 1 _aДегальцева
_bЕ. А.
_gЕкатерина Александровна
_4070
702 1 _4340
_7ca
_8rus
_aШиловский
_bМ. В.
_f1947 -
_gМихаил Викторович
_9124663
_3RU\NLR\auth\7715001
712 0 2 _4570
_aИнститут истории
_cНовосибирск
_9468064
_3RU\NLR\AUTH\889986198
801 0 _aRU
_bОмская ГОНБ
_c20060914
_grcr
801 1 _aRU
_bОмская ГОНБ
_c20060914
801 2 _aRU
_bNLR
_c20080121
_grcr
942 _cBOOK
980 _aNB